| 000 | 00833cam a2200253 4500 | ||
|---|---|---|---|
| 001 | 2173310 | ||
| 003 | ARRUPE | ||
| 005 | 20131210124258.0 | ||
| 008 | 731001s1967 enkab j 000 0beng | ||
| 010 | _a 67094101 | ||
| 015 | _aB67-11300 | ||
| 040 |
_aDLC _cDLC _dDLC |
||
| 050 | 0 | 0 |
_aSPC DT387.7 _b.S56 1967 |
| 082 | 0 | 0 | _a92 |
| 100 | 1 |
_aSkinner, Elizabeth. _95351 |
|
| 245 | 1 | 0 |
_aHaile Selassie: Lion of Judah, _cby Elizabeth and James Skinner; illustrated by Sheila Connelly. |
| 260 |
_aLondon, _bNelson, _c1967. |
||
| 300 |
_aiv, 59 p. _bcol. illus., col. map. _c19 cm. |
||
| 490 | 0 | _aThe Men of greatness series | |
| 600 | 0 | 0 |
_aHaile Selassie _bI, _cEmperor of Ethiopia, _d1892-1975. _95352 |
| 700 | 1 |
_aSkinner, James, _ejoint author. _95353 |
|
| 906 |
_a7 _bcbc _corignew _du _eopcn _f19 _gy-gencatlg |
||
| 942 |
_2lcc _cMONOGRAPH |
||
| 999 |
_c119141 _d119141 |
||